000 00954nam a2200229Ia 4500
003 OSt
005 20200924092610.0
008 191128s1991 mx gr 000 0 spa d
020 _a9684229488
040 _aCO-JMCR
_cCO-JMCR
041 1 _aspa
082 0 4 _a516.3 /
_bK517g
_2223
100 1 _aKindle, Joseph H.,
_eautor
_910762
245 1 0 _aGeometría analítica :
_bplana y del espacio /
_cJoseph H. Klinde ; traducción de Luis Gutiérrez Díez, Ángel Gutiérrez Vázquez
260 _aMéxico :
_bMcgraw-Hill,
_c1991.
300 _a151 páginas ;
_c23 cm.
505 0 _aCordenadas rectangulares -- ecuaciones y lugares geometricos -- la linea recta la circunferencia -- secciones conicas .- la parabola -- la elipse -- la hiperbola -- transformacion de coordenadas -- coordenadas polares
650 2 4 _aGeometría analítica
_910763
650 2 4 _aGeometría plana
_910764
650 2 4 _aGeometría, Analítica
_xPlano
_910765
942 _2ddc
_cBK
999 _c3331
_d3331